LEADER 03508nam 2200769 a 450 001 9910782778003321 005 20230721004304.0 010 $a1-282-19443-7 010 $a9786612194436 010 $a3-11-019848-7 024 7 $a10.1515/9783110198485 035 $a(CKB)1000000000691476 035 $a(EBL)364678 035 $a(OCoLC)476197064 035 $a(SSID)ssj0000157245 035 $a(PQKBManifestationID)11151777 035 $a(PQKBTitleCode)TC0000157245 035 $a(PQKBWorkID)10131445 035 $a(PQKB)11089824 035 $a(MiAaPQ)EBC364678 035 $a(DE-B1597)33846 035 $a(OCoLC)1013939255 035 $a(OCoLC)853206731 035 $a(DE-B1597)9783110198485 035 $a(Au-PeEL)EBL364678 035 $a(CaPaEBR)ebr10256433 035 $a(CaONFJC)MIL219443 035 $a(EXLCZ)991000000000691476 100 $a20071017d2007 uy 0 101 0 $aeng 135 $aur||||||||||| 181 $ctxt 182 $cc 183 $acr 200 10$aFormal properties of measurement constructions$b[electronic resource] /$fby Kimiko Nakanishi 210 $aBerlin ;$aNew York $cMouton de Gruyter$dc2007 215 $a1 online resource (296 p.) 225 1 $aInterface explorations,$x1861-4167 ;$v12 300 $aDescription based upon print version of record. 311 $a3-11-018598-9 320 $aIncludes bibliographical references (p. [261]-280) and index. 327 $t Frontmatter -- $tContents -- $tChapter 1 The semantic parallelism between the nominal and verbal domains -- $tChapter 2 The semantic properties of non-split and splitmeasure phrase constructions -- $tChapter 3 The syntax and compositional semantics of non-split and split quantifier constructions -- $tChapter 4 Comparatives and measure phrases as differentials -- $tChapter 5 Cross-linguistic aspects of quantification and compositionality -- $tChapter 6 Concluding remarks -- $t Backmatter 330 $aThis book investigates the semantics and syntax-semantics interface of measurement constructions, such as (non-)split quantifiers and comparatives. The cross-linguistic investigation reveals that seemingly diverse constructions can be categorized into two classes depending on whether they measure nominal or verbal predicates, and shows that the classification accounts for why certain constructions have certain characteristics concerning distributivity and single-event predicates. Throughout the book, particular emphasis is placed on issues of compositionality. 410 0$aInterface explorations ;$v12. 606 $aGrammar, Comparative and general$xSyntax 606 $aSemantics 606 $aGrammar, Comparative and general$xQuantifiers 606 $aGrammar, Comparative and general$xComparative clauses 606 $aCompositionality (Linguistics) 610 $aSyntax. 610 $agenerative semantics. 610 $agenerative syntax. 610 $asemantics. 615 0$aGrammar, Comparative and general$xSyntax. 615 0$aSemantics. 615 0$aGrammar, Comparative and general$xQuantifiers. 615 0$aGrammar, Comparative and general$xComparative clauses. 615 0$aCompositionality (Linguistics) 676 $a415 700 $aNakanishi$b Kimiko$f1975-$01547605 801 0$bMiAaPQ 801 1$bMiAaPQ 801 2$bMiAaPQ 906 $aBOOK 912 $a9910782778003321 996 $aFormal properties of measurement constructions$93804073 997 $aUNINA LEADER 02065nam0 2200433 i 450 001 UFI0432385 005 20251003044429.0 010 $a884081258X 020 $aIT$b2004-3992 100 $a20140204d2003 ||||0itac50 ba 101 | $aita$cita 102 $ait 181 1$6z01$ai $bxxxe 182 1$6z01$an 183 1$6z01$anc$2RDAcarrier 200 1 $aFisica generale$eelettromagnetismo$fS. Focardi, I. Massa, A. Uguzzoni 210 $aMilano$cCEA$d2003 215 $aXIII, 304 p.$d27 cm. 500 10$aFisica generale$3UBS0021606$9CFIV044694$93882516 606 $aElettromagnetismo$2FIR$3CFIC016914$9E 606 $aMeccanica$2FIR$3CFIC013839$9E 676 $a531$9MECCANICA$v20 676 $a537$9ELETTRICITA ED ELETTRONICA$v23 696 $aMeccanica newtoniana$aMeccanica classica 699 $aMeccanica$yMeccanica newtoniana 699 $aMeccanica$yMeccanica classica 700 1$aFocardi$b, Sergio$f <1932-2013>$3CFIV044694$4070$01588590 701 1$aUguzzoni$b, Arnaldo$3SBLV191109$4070$0737837 701 1$aMassa$b, Ignazio$f <1944- >$3UBOV106042$4070$0817745 790 1$aMassa$b, I.$3CFIV163735$zMassa, Ignazio <1944- > 790 1$aMassa$b, Ignazio G.$3CFIV173052$zMassa, Ignazio <1944- > 801 3$aIT$bIT-000000$c20140204 850 $aIT-BN0095 901 $bNAP 01$cBCA $nComprende monografie e periodici di diritto, testi di ingegneria, di scienze e tecnologia di nuova acquisizione. 912 $aUFI0432385 950 0$aBiblioteca Centralizzata di Ateneo$c1 v. in tre copie$d 01BCA SC. TECNOL 14$e 01 0000001805 VMA A4 1 v.$fB $h20210622$i20210622$c1 v. in tre copie$d 01BCA SC. TECNOL 14$e 01 0000002595 VMA A4(bis 1 v. (2. copia)$fY $h20210622$i20210622$c1 v. in tre copie$d 01BCA SC. TECNOL 14$e 01 0000002605 VMA A4(ter 1 v. (3. copia)$fY $h20210622$i20210622 977 $a 01 996 $aFisica generale$93882516 997 $aUNISANNIO